|
|
|
|
| LEADER |
01450nam a2200301 a 4500 |
| 001 |
2262019 |
| 008 |
100622s1976 bg b 100 0 eng d |
| 010 |
|
|
|a 77902251
|
| 040 |
|
|
|a DLC
|c DLC
|d DLCBD-DhAAL
|
| 082 |
0 |
0 |
|a 633/.18/7
|2 18
|
| 111 |
2 |
|
|a Workshop on Experience with High Yielding Varieties of Rice Cultivation in Bangladesh,
|b 2d,
|c Bangladesh Rice Research Institute,
|d 1976.
|
| 245 |
0 |
0 |
|a Workshop on Experience with HYV Rice Cultivation in Bangladesh.
|
| 250 |
|
|
|a 1st ed.
|
| 260 |
|
|
|a Dacca :
|b Bangladesh Rice Research Institute,
|c 1976.
|
| 300 |
|
|
|a 157 p. ;
|c 23 cm.
|
| 490 |
1 |
|
|a Publication - Bangladesh Rice Research Institute ; no. 24
|
| 500 |
|
|
|a Prefatory matter in English or Bengali.
|
| 500 |
|
|
|a "Jointly organized by the Ministry of Agriculture, the Directorate of Agriculture (E & M), and the Bangladesh Rice Research Institute."
|
| 504 |
|
|
|a Includes bibliographical references.
|
| 541 |
1 |
|
|e 00000375
|
| 650 |
|
0 |
|a Rice
|z Bangladesh
|x Congresses.
|
| 650 |
|
0 |
|a Rice
|x Varieties
|z Bangladesh
|x Varieties.
|
| 710 |
1 |
|
|a Bangladesh.
|b Directorate of Agriculture (Extension and Management).
|
| 710 |
2 |
|
|a Bangladesh Rice Research Institute.
|
| 740 |
|
|
|a HYV Rice Cultivation in Bangladesh.
|
| 852 |
4 |
|
|a Ayesha Abed Library
|j General shelf
|
| 999 |
|
|
|c 9054
|d 9054
|
| 952 |
|
|
|0 0
|1 0
|2 ddc
|4 0
|6 633_187000000000000_WOR_1976
|7 0
|9 11209
|a BRACUL
|b BRACUL
|c GEN
|d 2010-06-23
|g 925.00
|l 0
|o 633.187 WOR
|p 3010000375
|r 2010-06-23
|t 1
|w 2010-06-23
|y BK
|